000 00322nam a2200109Ia 4500
008 171211s9999 xx 000 0 und d
245 _aSerious Games: Second Joint International Conference
245 _cJannicke Baalsrud Hauge
260 _c2016
650 _xGAMES
856 _uhttp://down.ebook777.com/057/331945840X.pdf
999 _c348892
_d348892